Logo

Description automatically generated
विद्यार्जन
 संसाधन केंद्र, भारतीय प्रौद्योगिकी संस्थान इन्दौर
Learning Resource Center, Indian Institute of Technology Indore

ऑनलाइन सार्वजनिक अभिगम प्रसूची
Online Public Access Catalogue (OPAC)

Life after death : the book of answers (Record no. 57399)

MARC details
000 -LEADER
fixed length control field 00625nam a2200229Ia 4500
005 - DATE AND TIME OF LATEST TRANSACTION
control field 20260704175958.0
008 - FIXED-LENGTH DATA ELEMENTS--GENERAL INFORMATION
fixed length control field 260704s9999||||xx |||||||||||||| ||und||
020 ## - INTERNATIONAL STANDARD BOOK NUMBER
International Standard Book Number 9781846041006
Qualifying information pbk
082 ## - DEWEY DECIMAL CLASSIFICATION NUMBER
Classification number 203.3
Item number CHO
100 ## - MAIN ENTRY--PERSONAL NAME
Personal name Chopra, Deepak
245 #0 - TITLE STATEMENT
Title Life after death : the book of answers
260 ## - PUBLICATION, DISTRIBUTION, ETC.
Place of publication, distribution, etc. London
Name of publisher, distributor, etc. Rider/Penguin Random House
Date of publication, distribution, etc. 2006
300 ## - PHYSICAL DESCRIPTION
Extent 282p. ; 20cm.
653 ## - INDEX TERM--UNCONTROLLED
Uncontrolled term Death — Religious aspects
653 ## - INDEX TERM--UNCONTROLLED
Uncontrolled term Future life
653 ## - INDEX TERM--UNCONTROLLED
Uncontrolled term Hindu philosophy
653 ## - INDEX TERM--UNCONTROLLED
Uncontrolled term Immortality
653 ## - INDEX TERM--UNCONTROLLED
Uncontrolled term Life after death
653 ## - INDEX TERM--UNCONTROLLED
Uncontrolled term Life after death
653 ## - INDEX TERM--UNCONTROLLED
Uncontrolled term Spiritual life
942 ## - ADDED ENTRY ELEMENTS (KOHA)
Koha item type Book
Holdings
Withdrawn status Lost status Damaged status Not for loan Home library Current library Shelving location Date acquired Source of acquisition Total Checkouts Full call number Barcode Date last seen Price effective from Koha item type
        LRC, IIT Indore LRC, IIT Indore 3rd Floor - General Stack 04/07/2026 Gratis Book Price: GBP 9.99   203.3 CHO G2624 04/07/2026 04/07/2026 Book
Copyright © 2017-2026 Indian Institute of Technology Indore. All Rights Reserved.
Managed & maintained by Learning Resource Center, IIT Indore